Statistiken für Größte Stadt mit 4 Buchstaben in diesem Land #2

Klicken Sie hier um das Quiz zu spielen!

Allgemein

  • Dieses Quiz wurde 60 mal gespielt
    (34 seit der letzten Aktualisierung)
  • Das Durchschnittsergebnis liegt bei 9 aus 18

Antwortstatistiken

LandStadt% Korrekt
PeruLima
97%
NorwayOslo
97%
ÖsterreichWien
97%
LettlandRiga
90%
DeutschlandKöln
83%
KatarDoha
77%
TogoLomé
53%
JapanKõbe
40%
KolumbienCali
40%
PortugalFaro
37%
FinlandOulu
37%
SamoaApia
33%
JemenAden
30%
Vereinigtes KönigreichYork
23%
ÄgyptenSeues
17%
IndienPune
13%
SyrienHoms
13%
RumänienIaşi
7%

Verteilung der Resultate

Perzentil nach korrekt beantworteten Fragen

Anzahl Personen mit jedem Resultat

Ihre Resultats-Entwicklung

Sie haben dieses Quiz seit der letzten Aktualisierung nicht gespielt